00729nam a2200229 i 450000100060000000300090000600500170001500700030003200800410003502000180007608000110009424500440010526000320014930000220018149000300020365000490023371000180028283000380030085200220033899900170036095201220037711952ES-MaACL20230906150217.0t|970203s1994 fr ||||1| spa d a92-3-302640-X a371.1301a¿Qué formación para los maestros?. aParís : bUNESCO, c1994. a144 p. ; c24 cm.1 aLa biblioteca del docente 4aProfesores-xFormación profesional.9164602 aUnesco.969991 aLa biblioteca del docente9228234 aES-MaACLjL-19356 c11952d11952 00104070aATENEOMbATENEOMcDEPO2d2008-01-17eSCl0oL-19356p1012179r2023-02-23 00:00:00w2023-02-23yMONOGRAFIA